000 00843nam a2200289Ia 4500
001 8444
005 20240113234111.0
007 ta
008 050719s1966 a g b000 u eng u
020 _cHB
040 _aCotton College Assam
041 _aeng
082 _a954.162
_bCh 459 Hi
100 _aChoudhury, P.C. .
245 0 _aThe History of Civilisation of the People of Assam to the Twelfth Century A.D. /
_cP.C. Choudhury.
_hTextual Documents
250 _a2nd ed. /
260 _aGuwahati :
_bDept of Historical and Antiquarian Studies in Assam ,
_c1966.
300 _axiv, 510p. :
_bill. ;
_c24cm .
504 _aIndex
653 _aHistory-Assam-Twelfth Century A.D.
653 _aCivilisation, Assam
942 _2ddc
_cBK
999 _c8431
_d8431